[Event "Hradec Kralove Region-chT 0506"]
[Site "Czech Republic"]
[Date "2006.01.22"]
[Round "6.6"]
[White "Steiner, Petr"]
[Black "Blazek, Ladislav"]
[Result "1-0"]
[WhiteElo "1950"]
[BlackElo "1853"]
[PlyCount "55"]
[EventDate "2005.10.23"]
[EventType "team-tourn"]
[EventRounds "11"]
[EventCountry "CZE"]
[SourceTitle "EXT 2024"]
[Source "ChessBase"]
[SourceDate "2023.10.10"]
[SourceVersion "1"]
[SourceVersionDate "2023.10.10"]
[SourceQuality "1"]
[WhiteTeam "Vrchlabi"]
[BlackTeam "Lipa III"]
[WhiteTeamCountry "CZE"]
[BlackTeamCountry "CZE"]

1. d4 c5 2. c3 e6 3. Nf3 d5 4. g3 b6 5. Bg2 Bb7 6. 0-0 c4 7. Nbd2 b5 8. Re1 f5 9. Ne5 Bd6 10. Ndf3 Nf6 11. a4 a6 12. axb5 axb5 13. Rxa8 Bxa8 14. Bf4 Nc6 15. Qa1 Ne7 16. Qa6 Bxe5 17. Nxe5 Qc8 18. Qxb5+ Bc6 19. Qb4 Qb7 20. Qxb7 Bxb7 21. Nxc4 Ba6 22. Ra1 Bxc4 23. Ra8+ Kf7 24. Rxh8 Neg8 25. e3 h6 26. Be5 Nd7 27. Bf1 Bb3 28. Bb5 1-0

[Event "Hradec Kralove Region-chT 0506"]
[Site "Czech Republic"]
[Date "2006.01.08"]
[Round "5.7"]
[White "Sosinka, Dariusz"]
[Black "Steiner, Petr"]
[Result "1-0"]
[WhiteElo "1956"]
[BlackElo "1950"]
[PlyCount "127"]
[EventDate "2005.10.23"]
[EventType "team-tourn"]
[EventRounds "11"]
[EventCountry "CZE"]
[SourceTitle "EXT 2024"]
[Source "ChessBase"]
[SourceDate "2023.10.10"]
[SourceVersion "1"]
[SourceVersionDate "2023.10.10"]
[SourceQuality "1"]
[WhiteTeam "Rychnov nad Kneznou"]
[BlackTeam "Vrchlabi"]
[WhiteTeamCountry "CZE"]
[BlackTeamCountry "CZE"]

1. e4 Nf6 2. Nc3 d5 3. e5 d4 4. exf6 dxc3 5. fxg7 cxd2+ 6. Qxd2 Bxg7 7. Qxd8+ Kxd8 8. Bc4 e6 9. Bg5+ f6 10. 0-0-0+ Ke7 11. Be3 b6 12. Ne2 Nc6 13. Rhe1 Rd8 14. Rxd8 Nxd8 15. Bd2 a5 16. Nf4 c6 17. Nh5 Bh8 18. Bd3 Kf7 19. Bxh7 f5 20. h3 Ra7 21. g4 fxg4 22. hxg4 e5 23. f3 Ne6 24. Be4 Bd7 25. g5 Nf8 26. Rg1 Ng6 27. Ng3 Bg7 28. Rh1 Ra8 29. Nf5 Bxf5 30. Bxf5 Ne7 31. Be4 Rh8 32. Rxh8 Bxh8 33. a3 Bg7 34. b4 axb4 35. axb4 Ke6 36. Be3 b5 37. Bc5 Nd5 38. Kd2 Kd7 39. Kd3 Nf4+ 40. Ke3 Ng2+ 41. Kf2 Nf4 42. Kg3 Nd5 43. Kg4 Ke6 44. Bf5+ Kf7 45. Bd7 Bf8 46. Bxc6 Nxb4 47. Bxb4 Bxb4 48. Bxb5 Bc3 49. Kf5 Kg7 50. Bc6 Kh7 51. g6+ Kg7 52. Be8 Kf8 53. Bf7 Ke7 54. Ke4 Kf6 55. Kd3 Bb4 56. c4 Bf8 57. Ke4 Bg7 58. Kd5 Ke7 59. c5 Kd7 60. c6+ Kc7 61. Be8 Kd8 62. Bd7 Ke7 63. Bf5 Kd8 64. Kd6 1-0